Digital Analysis of Remotely Sensed Imagery / (Record no. 15194)
[ view plain ]
| 000 -LEADER | |
|---|---|
| fixed length control field | 01230cam a2200301 a 4500 |
| 001 - CONTROL NUMBER | |
| control field | 15525674 |
| 005 - DATE AND TIME OF LATEST TRANSACTION | |
| control field | 20090609083019.0 |
| 008 - FIXED-LENGTH DATA ELEMENTS--GENERAL INFORMATION | |
| fixed length control field | 081118s2009 nyuabf b 001 0 eng |
| 010 ## - LIBRARY OF CONGRESS CONTROL NUMBER | |
| LC control number | 2008048597 |
| 020 ## - INTERNATIONAL STANDARD BOOK NUMBER | |
| International Standard Book Number | 0071604650 (alk. paper) |
| 020 ## - INTERNATIONAL STANDARD BOOK NUMBER | |
| International Standard Book Number | 9780071604659 (alk. paper) |
| 035 ## - SYSTEM CONTROL NUMBER | |
| System control number | (OCoLC)ocn275151132 |
| 040 ## - CATALOGING SOURCE | |
| Original cataloging agency | DLC |
| Transcribing agency | DLC |
| Modifying agency | C#P |
| -- | BWX |
| -- | YDXCP |
| -- | CDX |
| -- | DLC |
| 050 00 - LIBRARY OF CONGRESS CALL NUMBER | |
| Classification number | G70.4 |
| Item number | .G36 2009 |
| 082 00 - DEWEY DECIMAL CLASSIFICATION NUMBER | |
| Classification number | 621.3678 |
| Edition number | 22 |
| Item number | GAO |
| 100 1# - MAIN ENTRY--PERSONAL NAME | |
| Personal name | Gao, Jay. |
| 9 (RLIN) | 23395 |
| 245 10 - TITLE STATEMENT | |
| Title | Digital Analysis of Remotely Sensed Imagery / |
| Statement of responsibility, etc | Jay Gao. |
| 260 ## - PUBLICATION, DISTRIBUTION, ETC. (IMPRINT) | |
| Place of publication, distribution, etc | New York : |
| Name of publisher, distributor, etc | McGraw Hill, 2009 |
| Date of publication, distribution, etc | c2009. |
| 300 ## - PHYSICAL DESCRIPTION | |
| Extent | xxiii, 645 p., [16] p. of plates : |
| Other physical details | ill. (some col.), maps (some col.) ; |
| Dimensions | 24 cm. |
| 504 ## - BIBLIOGRAPHY, ETC. NOTE | |
| Bibliography, etc | Includes bibliographical references and index. |
| 650 #0 - SUBJECT ADDED ENTRY--TOPICAL TERM | |
| Topical term or geographic name as entry element | Remote-sensing images |
| General subdivision | Data processing. |
| 9 (RLIN) | 23396 |
| 650 #0 - SUBJECT ADDED ENTRY--TOPICAL TERM | |
| Topical term or geographic name as entry element | Remote sensing. |
| 9 (RLIN) | 23397 |
| 650 #0 - SUBJECT ADDED ENTRY--TOPICAL TERM | |
| Topical term or geographic name as entry element | Image processing |
| General subdivision | Digital techniques. |
| 9 (RLIN) | 23398 |
| 653 ## - INDEX TERM--UNCONTROLLED | |
| Resource For college | |
| Arrived date list | April2011 |
| 942 ## - ADDED ENTRY ELEMENTS (KOHA) | |
| Source of classification or shelving scheme | Dewey Decimal Classification |
| Item type | Book - Borrowing |
| Withdrawn status | Item status | Source of classification or shelving scheme | Damaged status | Not for loan | Vendor | Home library | Current library | Shelving location | Date acquired | Source of acquisition | Cost, normal purchase price | Serial Enumeration / chronology | Total Checkouts | Full call number | Barcode | Date last seen | Date last borrowed | Koha item type |
|---|---|---|---|---|---|---|---|---|---|---|---|---|---|---|---|---|---|---|
| Dewey Decimal Classification | Baccah | Central Library | Central Library | First floor | 27/04/2011 | 768.00 | 12158 | 1 | 621.3678 GAO | 000023414 | 15/07/2025 | 29/04/2013 | Book - Borrowing |